000 00276nam a2200121Ia 4500
008 190216s9999||||xx |||||||||||||| ||und||
100 _aUroob
245 0 _aKunjammayum Koottukarum
260 _bPublications Division
_c1997
300 _a108p
650 _aNovel
942 _cBK
999 _c27631
_d27631